[Event "XIV Figueira da Foz Open 2020"]
[Site "Figueira da Foz"]
[Date "2020.10.26"]
[Round "4.18"]
[White "Silva, Jose Lucas Ferreira"]
[Black "Marcal, Armando Paulo Gomes"]
[Result "1-0"]
[WhiteElo "1336"]
[BlackElo "1652"]
[Annotator "NA RC"]
[PlyCount "84"]
[EventDate "2020.10.24"]
[EventType "swiss"]
[EventCountry "POR"]
[SourceTitle "playchess.com"]
[Source "ChessBase"]
[SourceQuality "1"]
[TimeControl "40/5400+30:1800+30"]

1. e4 {[%emt 0:00:00]} e6 {[%emt 0:08:52]} 2. d4 {[%emt 0:00:00]} d5 {[%emt 0:00:09]} 3. Nd2 {[%emt 0:00:22]} b6 {[%emt 0:02:43]} 4. c3 {[%emt 0:03:45]} Nf6 {[%emt 0:05:16]} 5. e5 {[%emt 0:00:16]} Nfd7 {[%emt 0:00:02]} 6. Nh3 {[%emt 0:02:22]} c5 {[%emt 0:00:56]} 7. Nf3 {[%emt 0:01:23]} Be7 {[%emt 0:02:58]} 8. Bd3 {[%emt 0:02:11]} Nf8 {[%emt 0:04:32]} 9. Nf4 {[%emt 0:05:28]} Ng6 {[%emt 0:02:45]} 10. g3 {[%emt 0:07:28]} Qd7 {[%emt 0:02:53]} 11. Nh5 {[%emt 0:04:16]} Bf8 {[%emt 0:02:47]} 12. Bh6 {[%emt 0:05:49]} Rg8 {[%emt 0:00:52]} 13. Be3 {[%emt 0:05:02]} Nc6 {[%emt 0:01:27]} 14. Ng5 {[%emt 0:02:33]} cxd4 {[%emt 0:00:39]} 15. cxd4 {[%emt 0:00:36]} Rh8 {[%emt 0:04:47]} 16. a3 {[%emt 0:02:42]} Bb7 {[%emt 0:05:43]} 17. Rc1 {[%emt 0:00:37]} h6 {[%emt 0:06:59]} 18. Nf3 {[%emt 0:03:02]} O-O-O {[%emt 0:00:43]} 19. Qa4 {[%emt 0:01:31]} Kb8 {[%emt 0:00:07]} 20. Bb5 {[%emt 0:01:07]} Nge7 {[%emt 0:02:27]} 21. O-O {[%emt 0:02:15]} a6 {[%emt 0:04:53]} 22. Bxc6 {[%emt 0:06:55]} Nxc6 {[%emt 0:00:45]} 23. Qb3 {[%emt 0:01:49]} Ka7 {[%emt 0:00:24]} 24. Nd2 {[%emt 0:01:26]} a5 {[%emt 0:04:49]} 25. Nf4 {[%emt 0:05:28]} Ne7 {[%emt 0:01:11]} 26. Rc3 {[%emt 0:00:52]} Rc8 {[%emt 0:00:30]} 27. Rfc1 {[%emt 0:00:20]} Rxc3 {[%emt 0:00:05]} 28. Qxc3 {[%emt 0:00:44]} Kb8 {[%emt 0:00:19]} 29. Nd3 {[%emt 0:00:58]} Nc6 {[%emt 0:00:48]} 30. b4 {[%emt 0:03:32]} axb4 {[%emt 0:02:03]} 31. Nxb4 {[%emt 0:00:10]} Bxb4 {[%emt 0:01:08]} 32. axb4 {[%emt 0:00:16]} Rc8 {[%emt 0:00:06]} 33. Qb2 {[%emt 0:00:43]} Na7 {[%emt 0:07:30]} 34. Rxc8+ {[%emt 0:02:14]} Nxc8 {[%emt 0:03:21]} 35. Nb1 {[%emt 0:03:38]} b5 {[%emt 0:05:06]} 36. Qc2 {[%emt 0:03:18]} h5 {[%emt 0:00:26]} 37. Qc5 {[%emt 0:00:21]} g6 {[%emt 0:01:37]} 38. h4 Bc6 {[%emt 0:03:37]} 39. Nd2 {[%emt 0:03:20]} Ne7 {[%emt 0:03:19]} 40. Bg5 {[%emt 0:00:00]} Nc8 {[%emt 0:00:00]} 41. Nb3 {[%emt 0:02:06]} Bb7 {[%emt 0:02:37]} 42. Na5 {[%emt 0:02:05]} Nb6 {[%emt 0:01:56]} 1-0

[Event "XIV Figueira da Foz Open 2020"]
[Site "Figueira da Foz"]
[Date "2020.10.27"]
[Round "5.1"]
[White "Batsiashvili, Nino"]
[Black "Janik, Igor"]
[Result "1-0"]
[WhiteElo "2467"]
[BlackElo "2489"]
[Annotator "TA"]
[PlyCount "87"]
[EventDate "2020.10.24"]
[EventType "swiss"]
[EventCountry "POR"]
[SourceTitle "playchess.com"]
[Source "ChessBase"]
[SourceQuality "1"]

{[%evp 13,87,0,0,-6,9,10,8,3,3,11,25,29,25,32,32,27,38,31,30,26,37,25,27,21,23,19,22,14,21,20,21,0,6,14,9,0,0,0,27,16,25,10,59,39,66,25,27,32,79,86,90,78,111,111,116,112,115,81,78,77,123,104,227,220,174,164,348,342,586,579,715,712,815,815,872,868]} 1. d4 Nf6 2. c4 e6 3. Nc3 Bb4 4. e3 O-O 5. Bd2 d5 6. Nf3 b6 7. cxd5 exd5 8. Bd3 {E51: Nimzo-Indian: Rubinstein: 4...0-0 5 Nf3 d5.} Ba6 9. Bxa6 Nxa6 10. Qa4 {The position is equal.} Qc8 {[#]} 11. Qc6 $146 ({Predecessor:} 11. Rc1 Re8 12. O-O Bf8 13. Ne2 c5 14. dxc5 Nxc5 15. Qc2 Qa6 16. Bc3 Nfe4 17. a3 {½-½ (54) Caruana,F (2835)-Carlsen,M (2863) chess24.com INT 2020}) 11... Bxc3 12. Bxc3 Re8 13. O-O Re6 14. Qa4 Ne4 15. Rac1 Qb7 16. Rfd1 Rc8 17. Qb3 c6 18. a4 Nb8 {[%cal Ba6b8,Bb8d7,Bd7f6][%mdl 32]} 19. a5 Nd7 20. Be1 g5 21. axb6 axb6 22. Nd2 Ndf6 23. Nf1 g4 24. Qd3 Kh8 25. Ra1 Qc7 26. Ra6 c5 27. Rda1 c4 28. Qc2 Qd6 29. Qa4 Ree8 30. Qb4 {Hoping for Qxd6.} Rc6 31. Qxd6 Nxd6 32. Ng3 Kg7 33. Bb4 {[#] Black must now prevent Bxd6.} Kg6 34. Ne2 Nb5 35. Bc5 Rb8 36. Be7 Nc7 37. Ra7 {[#] Nf4+ is the strong threat.} Ne4 {This move loses the game for Black.} (37... Nb5 $16) 38. f3 $18 gxf3 39. gxf3 Nd2 $2 (39... Ng5 40. Nf4+ Kh6) 40. Kf2 Kf5 $2 (40... h6 {was worth a try.} 41. Nf4+ Kh7) 41. Rg1 {White is clearly winning.} h6 42. Rg7 Re8 43. Bh4 Rf8 44. Nf4 {Av CentiPawn Loss W=-6/B=-31. Weighted=-6/-28} 1-0

[Event "XIV Figueira da Foz Open 2020"]
[Site "Figueira da Foz"]
[Date "2020.10.27"]
[Round "5.2"]
[White "Grigoryan, Karen H."]
[Black "Dias, Paulo"]
[Result "1-0"]
[WhiteElo "2658"]
[BlackElo "2338"]
[Annotator "TA"]
[PlyCount "49"]
[EventDate "2020.10.24"]
[EventType "swiss"]
[EventCountry "POR"]
[SourceTitle "playchess.com"]
[Source "ChessBase"]
[SourceQuality "1"]

{[%evp 18,49,12,10,16,8,18,17,18,0,0,0,19,15,14,0,29,13,14,15,27,23,0,0,2,3,1,0,191,195,237,225,227,219]} 1. e4 e5 2. Nf3 Nc6 3. Bb5 Nf6 4. d3 d6 5. c3 g6 6. Nbd2 {[%cal Bb1d2,Bd2f1,Bf1g3][%mdl 32]} Bg7 7. Nf1 O-O 8. Ng3 a6 9. Ba4 b5 10. Bc2 Re8 {C77: Ruy Lopez: 3...a6 4 Ba4 Nf6, unusual lines.} 11. O-O Bb7 12. Re1 Nb8 {[%cal Bc6b8,Bb8d7,Bd7c5][%mdl 32] The position is equal.} 13. d4 Nbd7 14. h3 c5 15. d5 c4 {[#]} 16. Nh2 $146 ({Predecessor:} 16. Be3 Qc7 17. Nh2 h5 18. Nf3 Nc5 19. Qd2 a5 20. Bh6 Bh8 21. Nh4 Kh7 22. Rf1 {0-1 (45) Kuipers,S (2414)-Gulamali,K (2341) Caleta 2017}) 16... Nc5 17. Ng4 Nxg4 18. hxg4 Qh4 19. Nf1 Bc8 20. Nh2 Bd7 21. Be3 Rec8 22. Qd2 {aiming for Bg5.} Bxg4 $2 (22... Qd8 $11) 23. f3 $1 $18 {Bg5 is the strong threat.White is clearly better.} Bd7 {[#]} 24. Bg5 $1 {[%cal Rg5h4][%mdl 1024] White has strong compensation.} Qh5 {[#]} 25. Bd1 $1 {Av CentiPawn Loss W=-5/B=-19. Weighted=-4/-18} 1-0

[Event "XIV Figueira da Foz Open 2020"]
[Site "Figueira da Foz"]
[Date "2020.10.27"]
[Round "5.3"]
[White "Martin Duque, Jesus"]
[Black "Cumming, Rhys"]
[Result "0-1"]
[WhiteElo "2426"]
[BlackElo "2299"]
[Annotator "TA"]
[PlyCount "98"]
[EventDate "2020.10.24"]
[EventType "swiss"]
[EventCountry "POR"]
[SourceTitle "playchess.com"]
[Source "ChessBase"]
[SourceQuality "1"]

{[%evp 10,98,38,29,31,35,41,-27,-35,-44,-41,-29,-31,-37,-6,-6,-4,-1,-5,-5,-1,-5,-5,-3,-5,-2,-2,0,0,0,0,0,0,-25,-11,-16,-15,-20,-17,-27,-4,0,0,-155,-175,-165,-157,-148,-159,-161,-116,-141,-147,-129,-148,-192,-183,-206,-214,-283,-273,-318,-318,-301,-303,-238,-149,-143,-140,-133,-147,-135,-137,-143,-139,-133,-128,-155,-114,-177,-122,-143,-175,-264,-254,-255,-259,-355,-380,-737,-699]} 1. e4 e5 2. Nf3 Nc6 3. Bc4 Nf6 4. d3 h6 5. O-O d6 6. c3 g5 $1 {[%mdl 4] is recently more successful than 6...g6. C55: Two Knights: 4 d3, 4 d4 exd4 5 e5 and Max Lange Attack.} 7. Nbd2 Bg7 8. Re1 (8. h3 $14) 8... g4 $11 {Black has an edge.} 9. Nh4 Nxe4 $1 10. dxe4 {aiming for Nf5.} Qxh4 11. Nf1 {[#]} O-O $146 ({Predecessor:} 11... f5 12. exf5 Bxf5 13. Ne3 Bd7 14. Nd5 O-O-O 15. Be3 g3 {0-1 (15) Salem,A (2682)-Shirov,A (2647) chess.com INT 2020}) 12. Ne3 Ne7 13. g3 Qh5 14. Be2 {[%cal Re3g4]} Qg6 15. Bxg4 Bxg4 16. Qxg4 Qxg4 17. Nxg4 h5 18. Ne3 f5 19. exf5 Nxf5 20. Kg2 Kh7 21. Nd5 Rf7 22. Bg5 c6 23. Nb4 Rg8 24. Nd3 Bf8 $36 {[%mdl 2048] Black has the initiative.} (24... h4 $5) 25. f4 h4 26. Kh3 $2 (26. Re4 $11) 26... hxg3 $17 27. hxg3 Bh6 28. g4 Bxg5 29. fxg5 Rxg5 30. Rf1 {[%mdl 64] [#] Pin} Nh6 31. Rxf7+ Nxf7 {[%mdl 4096] Endgame KRN-KRN} 32. Kh4 Rg8 33. Rf1 Kg6 34. c4 Ng5 {White must now prevent ...Rh8+.} 35. Kg3 Ne4+ 36. Kg2 Nd2 37. Rc1 Kg5 38. Rc2 Ne4 ({And not} 38... Kxg4 39. Rxd2 e4 40. Ne1 $14) 39. Kf3 Nf6 {Threatens to win with ...e4+.} 40. Nf2 Rf8 {...Nxg4+ is the strong threat.} 41. Kg3 Kg6 42. Re2 Re8 43. Nd3 Nd7 44. Kh4 (44. b4 $17) 44... e4 (44... Rh8+ $19 45. Kg3 Kf6) 45. Nf4+ Kf6 46. Rd2 {[#]} (46. Kg3 $142) 46... e3 $1 $19 {[%cal Re3d2]} 47. Re2 Ne5 48. Nh5+ Kf7 49. b3 $2 (49. Nf4 Nxc4 50. Ng2) 49... d5 {Av CentiPawn Loss W=-23/B=-5. Weighted=-23/-10} 0-1

[Event "XIV Figueira da Foz Open 2020"]
[Site "Figueira da Foz"]
[Date "2020.10.27"]
[Round "5.4"]
[White "Antolak, Julia"]
[Black "Djuric, Stefan"]
[Result "1/2-1/2"]
[WhiteElo "2313"]
[BlackElo "2358"]
[Annotator "TA"]
[PlyCount "90"]
[EventDate "2020.10.24"]
[EventType "swiss"]
[EventCountry "POR"]
[SourceTitle "playchess.com"]
[Source "ChessBase"]
[SourceQuality "1"]

{[%evp 31,90,42,46,33,36,12,19,4,21,0,0,-66,-10,-52,-52,-46,-54,-62,-56,-61,-41,-45,-35,-70,-61,-139,-118,-190,-204,-240,-69,-65,-51,-58,-43,-43,-34,-34,-48,-129,-135,-147,-152,-206,-203,-328,-43,-27,-36,-45,0,-50,0,0,0,-81,-25,-12,0,0,0]} 1. e4 e5 2. Nf3 Nc6 3. Bb5 a6 4. Ba4 Nf6 5. O-O Be7 6. Re1 b5 7. Bb3 O-O 8. c3 d6 9. h3 h6 10. d4 Re8 11. Nbd2 Bf8 12. Nf1 Bd7 13. Ng3 Na5 14. Bc2 c5 15. b3 {[%cal Bb2b3,Bb3b4][%mdl 32] is the legacy move (15.d5).} Nc6 16. d5 Ne7 17. Nh2 {C93: Closed Ruy Lopez: Smyslov Variation.} Ng6 {[#]} 18. Rf1 $146 ({Predecessor:} 18. Ng4 Nf4 19. Qf3 Nxg4 20. hxg4 g6 21. Bxf4 exf4 22. Qxf4 Qh4 23. e5 dxe5 24. Rxe5 Qxg4 25. Qxg4 Bxg4 {½-½ (34) Sethuraman,S (2635)-Kunte,A (2493) Al Ain 2015}) 18... Qc8 19. Bd2 c4 20. b4 a5 21. a3 (21. bxa5 $11 Rxa5 22. a4) 21... Ra6 (21... axb4 $15 22. axb4 Rxa1 23. Qxa1 Nh4) 22. Nh5 Nxh5 23. Qxh5 Qa8 24. Rac1 axb4 25. axb4 Ra2 26. g3 Qc8 27. Ng4 Be7 28. f4 (28. Ne3 $15) 28... Bxg4 $1 $17 29. hxg4 (29. Qxg4 $17 Qxg4 30. hxg4) 29... exf4 $19 30. gxf4 Qd8 $2 ({Better is} 30... Nh4 $1 $19 31. f5 Qd8) 31. g5 $15 hxg5 32. fxg5 Ne5 33. Kg2 {Hoping for Rh1.} g6 34. Qh4 {White wants to mate with Rh1.} Bf8 $1 35. Rf2 ({Don't go for} 35. Rh1 $2 Bg7 $19) (35. Be3 $15) 35... Bg7 $17 36. Bb1 Rb2 37. Rcf1 (37. Bf4 $17 Rxf2+ 38. Qxf2) 37... Qd7 $19 38. Kg3 {[#]} (38. Bf4 {was called for.} Rb3 39. Ra2) 38... Nd3 $2 (38... Qa7 $1 $19 39. Rd1 Qa1) 39. Bxd3 $1 $15 cxd3 40. Rh1 Qa7 {Threatens to win with ...Rxd2!} 41. Kg2 (41. Rfh2 $5 {[%cal Rh4h8]} Kf8 {[#]} 42. Bf4 $1 {[%mdl 512]} Rxh2 43. Bxd6+ Kg8 44. Kxh2 $11) 41... Rxd2 {[%mdl 64] Remove Defender} 42. Rxd2 Qe3 {[%mdl 64] Double Attack} 43. Rhd1 (43. Rf2 $11) 43... Re5 (43... Rxe4 $17 44. Qg3 Qa7) 44. Rxd3 $11 Rxg5+ 45. Kh1 Rg1+ $1 {Av CentiPawn Loss W=-27/B=-25. Weighted=-36/-36} 1/2-1/2

[Event "XIV Figueira da Foz Open 2020"]
[Site "Figueira da Foz"]
[Date "2020.10.27"]
[Round "5.5"]
[White "Santos, Jose Guilherme B Lim"]
[Black "Taboas Rodriguez, Daniel"]
[Result "0-1"]
[WhiteElo "2229"]
[BlackElo "2365"]
[Annotator "TA"]
[PlyCount "83"]
[EventDate "2020.10.24"]
[EventType "swiss"]
[EventCountry "POR"]
[SourceTitle "playchess.com"]
[Source "ChessBase"]
[SourceQuality "1"]

{[%evp 14,83,59,59,59,59,59,60,61,79,63,58,116,118,104,109,120,120,120,97,102,111,223,120,158,50,118,127,106,47,93,97,141,136,167,167,152,87,93,-134,-137,-733,-735,-720,-720,-718,-717,-710,-710,-702,-702,-702,-702,-692,-669,-823,-818,-1209,-1213,-1094,-1102,-2380,-2107,-2587,-2133,-4452,-5081,-4134,-1850,-4134,-4134,-1260]} 1. e4 e6 2. d4 d5 3. Nc3 Nf6 4. Bg5 Be7 5. e5 Ne4 6. Bxe7 Qxe7 7. Nxe4 dxe4 8. Qe2 b6 {C14: French: Classical System: 4 Bg5 Be7 main line.} 9. O-O-O $1 Bb7 10. g3 c5 {White is slightly better.} 11. Bg2 $1 Nc6 12. dxc5 $1 Qg5+ (12... Nxe5 $14 13. Bxe4 O-O) 13. Kb1 $16 Qxe5 14. cxb6 $1 ({Of course not} 14. Qxe4 $6 Qxc5 15. Ne2 Na5 $11) 14... f5 15. f3 $1 O-O 16. fxe4 {[#]} Nd4 $146 ({Predecessor:} 16... Na5 17. Nf3 Qc5 18. exf5 exf5 19. Rhe1 Qxb6 20. Ne5 Rfe8 21. Bxb7 Nxb7 22. Qd3 Rab8 23. b3 {1-0 (23) Negele,M-Raedeker,B Germany 1995}) 17. Qe3 Rfd8 (17... Bxe4 $16 18. Bxe4 Qxe4 19. Qxe4 fxe4) 18. c3 (18. bxa7 $1 $18 {Strongly threatening Ne2.} Qc5 19. c3) 18... Nb5 19. Ne2 (19. Rxd8+ $16 Rxd8 20. bxa7) 19... axb6 ({Better is} 19... Nd6 $1 $14) 20. Rxd8+ $1 Rxd8 21. Re1 (21. Nf4 $16) 21... Nd6 {Threatening ...Nc4.} 22. Qxb6 Bxe4+ 23. Ka1 Ra8 24. Bxe4 Nxe4 25. Qd4 (25. Qc6 $142 Rd8 26. Nd4) 25... Qb5 26. Nf4 $2 (26. Nc1 $16 {keeps the pressure on.}) 26... Qb3 $1 $40 {[%csl Ga8][%cal Rb3a2][%mdl 128] Black has strong attack.} 27. a3 $2 {[%mdl 8192] [#] This costs White the game.} (27. Qd8+ {leads to mate.} Rxd8 28. Nd5 Qxd5 29. Rb1 {[#]} Qb3 $1 {[%mdl 512]} 30. Rc1 Rb8 $1 {[%mdl 512]} 31. Rb1 Nxc3 $1 {[%mdl 512]} 32. axb3 Ra8#) (27. Kb1 $17 Qxa2+ 28. Kc2) 27... Nxc3 $1 $19 {[%mdl 512] Black is clearly winning.} 28. Qxc3 {[#]} (28. bxc3 Rxa3#) 28... Rxa3+ $1 {[%mdl 512]} 29. Kb1 (29. bxa3 Qxc3+) 29... Qa2+ 30. Kc2 Rxc3+ 31. Kxc3 {[%mdl 4096] Endgame KQ-KRN} Qa5+ 32. b4 Qa3+ 33. Kc4 Qa2+ {[%mdl 64] Double Attack} 34. Kb5 Qxh2 35. Rxe6 Qxg3 36. Nd5 f4 37. Kc6 f3 38. Re3 Qg2 39. Re8+ Kf7 40. Re7+ Kf8 {White must now prevent ...f2.} 41. Re5 f2 42. Rf5+ {Av CentiPawn Loss W=-36/B=-45. Weighted=-61/-55} 0-1

[Event "XIV Figueira da Foz Open 2020"]
[Site "Figueira da Foz"]
[Date "2020.10.27"]
[Round "5.6"]
[White "Garcia Dorado, Alberto"]
[Black "Stella, Andrea"]
[Result "1/2-1/2"]
[WhiteElo "2181"]
[BlackElo "2457"]
[Annotator "TA"]
[PlyCount "37"]
[EventDate "2020.10.24"]
[EventType "swiss"]
[EventCountry "POR"]
[SourceTitle "playchess.com"]
[Source "ChessBase"]
[SourceQuality "1"]

{[%evp 12,37,10,14,16,6,22,23,50,-10,9,3,21,0,14,2,37,27,53,57,124,105,125,77,126,167,120,82]} 1. d4 d5 2. c4 e6 3. Nc3 c6 4. e3 Nf6 5. Nf3 Nbd7 6. Qc2 b6 7. b3 $1 {[%mdl 4] is recently more successful than 7.Bd3.} Bb7 {D45: Semi-Slav: 5 e3.} 8. Bd3 dxc4 9. bxc4 c5 {White has an edge.} 10. Qe2 (10. d5 $14) 10... Be7 11. O-O O-O 12. Ne5 a6 13. Bb2 Qc7 14. f4 Rfd8 {[#]} 15. d5 $146 ({Predecessor:} 15. Rad1 Nf8 16. Bb1 cxd4 17. exd4 b5 18. c5 Ng6 19. Ne4 Nxe4 20. Bxe4 Bxe4 21. Qxe4 Bf6 22. Rc1 {½-½ (84) Zvereva,M (1929)-Khojayan,V (2266) chess.com INT 2020}) 15... Nf8 (15... exd5 $14 16. Nxd5 Bxd5 17. cxd5 b5) 16. e4 $16 b5 17. cxb5 exd5 18. exd5 Nxd5 19. bxa6 {Av CentiPawn Loss W=-14/B=-20. Weighted=-5/-22} 1/2-1/2

[Event "XIV Figueira da Foz Open 2020"]
[Site "Figueira da Foz"]
[Date "2020.10.27"]
[Round "5.7"]
[White "Alshameary Puente, Ismael"]
[Black "Pintor, Simao Maciel Abranch"]
[Result "1-0"]
[WhiteElo "2373"]
[BlackElo "2115"]
[Annotator "TA"]
[PlyCount "127"]
[EventDate "2020.10.24"]
[EventType "swiss"]
[EventCountry "POR"]
[SourceTitle "playchess.com"]
[Source "ChessBase"]
[SourceQuality "1"]

{[%evp 21,127,30,35,34,37,50,53,50,40,37,50,47,60,58,58,56,50,34,81,89,103,62,60,16,16,16,93,48,64,58,234,234,224,218,198,134,149,132,181,185,201,176,353,214,214,180,440,316,311,292,413,408,745,414,739,737,635,477,633,386,484,386,386,375,376,371,347,336,333,297,289,83,157,59,74,80,400,393,391,384,358,336,381,321,1143,1124,1139,64,64,64,64,64,29971,29972,29971,65,29973,29974,29972,29974,29970,29972,29978,29979,29978,29980,29992,29993]} 1. e4 c5 2. Nf3 g6 3. d4 cxd4 4. Nxd4 Nc6 5. c4 Bg7 6. Be3 Nf6 7. Nc3 O-O 8. Be2 d6 9. h3 Nxd4 10. Bxd4 Bd7 11. O-O Bc6 12. Qc2 {B38: Sicilian: Maroczy Bind with 5...Bg7 and 7...0-0.} a5 13. Rad1 Qc7 14. Nd5 {White is slightly better.} Bxd5 15. exd5 {[#]} a4 $146 ({Predecessor:} 15... Nd7 16. Bxg7 Kxg7 17. Qc3+ Kg8 18. Rd4 Nc5 19. Rfd1 a4 20. h4 Qa5 21. Qc1 a3 {1-0 (33) Rakhmanov,A (2655)-Skoberne,J (2563) Batumi 2018}) 16. Rfe1 Nd7 17. Bxg7 Kxg7 18. Qc3+ Kg8 19. Rd3 Qc5 20. Re3 Rfe8 21. h4 Ne5 22. f4 Nd7 23. Kh2 b5 (23... Qa5 $11) 24. h5 {Hoping for h6.} b4 25. Qd3 Rac8 $2 (25... Nf6 $14) 26. Bg4 $18 Nf6 27. Bxc8 Rxc8 28. Kh3 (28. Rxe7 $18 {Black must now prevent hxg6.} Nxh5 29. b3) 28... Nxh5 29. g3 Qxc4 30. Qxc4 Rxc4 31. Rxe7 $16 {[%mdl 4096] Endgame Threatens to win with R1e4. KRR-KRN} Rd4 $2 (31... Nf6 32. Rb7 Ne4) 32. R7e4 Rxd5 33. Rxb4 a3 $2 (33... Rd3 {was called for.}) 34. Re3 axb2 35. Rxb2 Rd1 (35... Nf6 {is a better defense.} 36. Re7 Rh5+ 37. Kg2 Nd5) 36. Rb7 $18 Rd2 (36... Rh1+ $142 37. Kg2 Ra1 38. Re8+ Kg7) 37. Re8+ Kg7 {[#]} 38. Ree7 $1 Kf6 39. Rxf7+ Ke6 40. Rbe7+ Kd5 {Now ...Rd3 and Black clings on.} 41. g4 Rd3+ 42. Kh4 Ng3 43. Rxh7 Ne4 44. f5 gxf5 45. gxf5 Rd2 {Black wants to play ...Rh2+.} 46. Rhf7 $2 (46. Rhg7 $18 {and the rest is easy.}) 46... Rxa2 $16 {[#]} 47. Rf8 (47. Ra7 $1 $16 {[%cal Ra7a2]} Rf2 48. Kg4) 47... Rf2 48. Kg4 Kd4 $2 {[%mdl 8192]} (48... Rf1 $16 49. Rb7 Kd4 50. Rb4+ Ke3) 49. Ra8 $18 {Strongly threatening Ra4+.} d5 {If only Black now had time for ...Rg2+....} 50. Ra4+ Kd3 51. Ra3+ Nc3 52. Kg5 d4 $2 (52... Kd4 53. Ra1 Rf3) 53. f6 Kc2 54. Rc7 $2 (54. f7 $18 Rf1 55. Rd7) 54... Kb2 $14 {aiming for ...Ne4+.} 55. Ra8 Ne4+ 56. Kh4 {Intending Rb8+ and mate.} Nxf6 $2 {[%mdl 8192]} (56... Rh2+ $14 57. Kg4 Nxf6+ 58. Kf5 Rf2+ 59. Ke6 Kb1) 57. Rb8+ Ka1 {[#]} 58. Rc1+ $1 Ka2 59. Rc6 {[%cal Rc6a6] White mates.} Rb2 60. Ra8+ Kb1 61. Rxf6 d3 62. Rf1+ Kc2 63. Rc8+ Kd2 64. Rf2+ {Av CentiPawn Loss W=-43/B=-97. Weighted=-36/-96} 1-0

[Event "XIV Figueira da Foz Open 2020"]
[Site "Figueira da Foz"]
[Date "2020.10.27"]
[Round "5.8"]
[White "Loeffler, Stefan"]
[Black "Santos, Antonio P"]
[Result "1/2-1/2"]
[WhiteElo "2352"]
[BlackElo "2123"]
[Annotator "TA"]
[PlyCount "138"]
[EventDate "2020.10.24"]
[EventType "swiss"]
[EventCountry "POR"]
[SourceTitle "playchess.com"]
[Source "ChessBase"]
[SourceQuality "1"]

{[%evp 22,138,25,25,22,0,4,-12,8,12,16,13,28,38,39,16,18,18,54,15,21,10,22,17,23,23,20,10,10,0,21,12,27,24,41,30,133,75,158,156,161,161,177,181,312,324,329,287,327,316,316,322,320,311,337,18,31,0,0,0,357,168,169,172,162,164,172,132,215,0,0,0,29,29,30,32,32,0,1421,1414,1384,1318,1151,592,29961,29947,29944,10400,6721,29957,12811,12810,5289,0,0,0,0,0,0,0,0,0,29969,29969,29977,29958,12799,12813,4641,4622,1702,0,0,0,0,0,0,0,0]} 1. Nf3 c5 2. c4 Nf6 3. Nc3 e6 4. g3 b6 5. Bg2 Bb7 6. O-O Be7 7. d4 cxd4 8. Qxd4 d6 9. Bg5 a6 10. Bxf6 Bxf6 11. Qd3 Ra7 12. Rad1 Be7 {[#] A30: Symmetrical English: Double Fianchetto and Hedgehog.} 13. h4 $146 ({Predecessor:} 13. Nd4 Bxg2 14. Kxg2 Qc8 15. f4 Nd7 16. f5 Ne5 17. Qe4 O-O 18. b3 Re8 19. Qf4 b5 20. Ne4 bxc4 21. bxc4 Qxc4 22. fxe6 fxe6 23. Rc1 Qd5 24. Nc6 Bg5 {0-1 (24) Greenfeld,A (2525)-Bar,R (2484) Israel 2019}) 13... h6 14. Ne4 {[%cal Re4d6]} Bxe4 (14... O-O {with more complications.} 15. Rd2 Ba8 16. Rfd1 Rd7 17. Nc3 Qc7) 15. Qxe4 O-O 16. Nd4 Qc8 17. b3 Qc5 18. Bh3 Qe5 19. Qd3 Rc7 20. e3 (20. f4 $5 {[%cal Rf4e5]} Qc5 21. e3 $14) 20... Nc6 21. Qd2 (21. Bg2 {keeps more tension.} Nxd4 22. exd4 Qa5 23. Rb1 Qf5 24. Qe2) 21... Nxd4 (21... Qa5 {is more complex.} 22. Qxa5 bxa5 23. Rfe1 Rb8 24. Bf1 g6) 22. exd4 Qa5 23. Qxa5 bxa5 24. Rd3 Rb8 25. Rc1 g5 26. hxg5 hxg5 27. d5 e5 28. c5 $36 {[%mdl 2048] White has the initiative.} Rb4 (28... e4 $11 {remains equal.} 29. Rdd1 Rxc5) 29. a3 (29. c6 $142) 29... Rb8 ({Black should try} 29... e4) 30. c6 $16 Kg7 31. Bd7 Rd8 32. Rc4 Rdxd7 (32... Rb8 $142 33. Bf5 Bd8) 33. cxd7 $18 Rxd7 {[%mdl 4096] Endgame KRR-KRB} 34. Rc6 f5 35. Rxa6 e4 36. Rc3 Kf6 37. Rxa5 Ke5 38. f3 $2 ({Better is} 38. Rb5 $18) 38... Kd4 $1 $11 {[%cal Rd4c3]} 39. Rc4+ Kd3 40. g4 fxg4 $2 {[%mdl 8192]} (40... e3 $11 {and Black stays safe.}) 41. fxe4 ({And not} 41. fxg4 e3 $17) (41. Rxe4 $142 gxf3 42. Raa4) 41... Bf6 $18 {[#]} 42. e5 $1 {[%cal Re5f6]} Bxe5 43. Rxg4 Bf4 44. Kf2 Rh7 (44... Rc7 $16 {was worth a try.}) 45. Rxf4 $2 (45. Rb5 $18) 45... gxf4 {KR-KR} 46. Kf3 Kd4 47. Kxf4 {Black must now prevent Kf5.} Rf7+ 48. Kg5 {Strongly threatening Rb5.} Ke5 $1 49. Kg6 Rf3 $2 {[%mdl 8192]} (49... Rc7 $11) 50. Rb5 Rf1 51. a4 Rf2 52. a5 Rf1 53. b4 Ra1 54. Kf7 Rh1 55. a6 Rh7+ 56. Ke8 Ra7 57. Rb6 $2 (57. Ra5 $18 {Threatens to win with b5.} Kd4 58. Kd8) 57... Kxd5 $11 58. Kd8 Kc4 59. b5 {Rb7 is the strong threat.} d5 60. Rb7 Ra8+ 61. Kc7 d4 $2 {[%mdl 8192] [#]} (61... Kc5 $11) 62. Kb6 d3 63. a7 Rd8 64. Rb8 Rd6+ 65. Kc7 d2 66. Kxd6 $2 ({White has to play} 66. a8=Q $18 {Qa4+ would kill now.} d1=Q 67. Qa2+ Kb4 68. Qb2+ Kc4 69. Rc8) 66... d1=Q+ {The position is equal.} 67. Kc7 Qe2 68. a8=Q Qe7+ 69. Kb6 {Threatening mate with Qc6+.} Qc5+ {Av CentiPawn Loss W=330/B=995. Weighted=368/384} 1/2-1/2